Եղիշէի Վարդանանց պատմութիւնը / (Record no. 533614)
[ view plain ]
| 000 -LEADER | |
|---|---|
| fixed length control field | 01663nam a2200289 a 4500 |
| 001 - CONTROL NUMBER | |
| control field | 2010176 |
| 003 - CONTROL NUMBER IDENTIFIER | |
| control field | AM-YeHGA |
| 005 - DATE AND TIME OF LATEST TRANSACTION | |
| control field | 20250618080209.0 |
| 008 - FIXED-LENGTH DATA ELEMENTS--GENERAL INFORMATION | |
| fixed length control field | 250310s1892 gs ||||r|||||00||0|arm|d |
| 040 ## - CATALOGING SOURCE | |
| Original cataloging agency | AM-YeHGA |
| 041 0# - LANGUAGE CODE | |
| Language code of text/sound track or separate title | arm |
| 090 ## - LOCALLY ASSIGNED LC-TYPE CALL NUMBER (OCLC); LOCAL CALL NUMBER (RLIN) | |
| -- | 573018 |
| 100 1# - MAIN ENTRY--PERSONAL NAME | |
| Personal name | Խալաթեանց, Գրիգոր Աբրահամի, |
| Dates associated with a name | 1858-1912 |
| 9 (RLIN) | 1532 |
| 245 10 - TITLE STATEMENT | |
| Title | Եղիշէի Վարդանանց պատմութիւնը / |
| Statement of responsibility, etc. | Քննութիւն Գրիգոր Խալաթեանի ; Հրատարակութեամբ Խ. Յովհաննիսեանի. |
| 260 ## - PUBLICATION, DISTRIBUTION, ETC. | |
| Place of publication, distribution, etc. | Թիֆլիս : |
| Name of publisher, distributor, etc. | Տպարան Մ.Դ. Ռօտինեանցի, |
| Date of publication, distribution, etc. | 1892. |
| 300 ## - PHYSICAL DESCRIPTION | |
| Extent | (2 գիրք մեկ կազմի մեջ) ; 15 էջ |
| 500 ## - GENERAL NOTE | |
| General note | Շարվածքը՝ 17.5x12 սմ: |
| 500 ## - GENERAL NOTE | |
| General note | (Արտատպուած «Մուրճ» ամսագրից 1892թ. N 6, էջ 934-948): |
| 501 ## - WITH NOTE | |
| With note | Մեկ կազմի մեջ՝ Մովսէս Խորենացու Հայկական պատմութիւնը Խորէն ծ. վ. Ստեփանէի թարգմանութեամբ ։ Քննադատութիւն / Գրիգոր Խալաթեան; Աշխարհաբար թարգմ․ և լուսաբանեց Խորէն ծ.վ. Ստեփանէ. - Ս. Պետերբուրգ: Ի. Ն. Սկորոխոդովի տպարան։ 1890․ |
| 600 04 - SUBJECT ADDED ENTRY--PERSONAL NAME | |
| Personal name | Եղիշե, |
| Dates associated with a name | V դ. |
| 9 (RLIN) | 3323 |
| 650 14 - SUBJECT ADDED ENTRY--TOPICAL TERM | |
| Topical term or geographic name entry element | Հայոց պատմություն |
| 651 04 - SUBJECT ADDED ENTRY--GEOGRAPHIC NAME | |
| Geographic name | Թբիլիսի |
| 9 (RLIN) | 6558 |
| 651 04 - SUBJECT ADDED ENTRY--GEOGRAPHIC NAME | |
| Geographic name | Վրաստան |
| 9 (RLIN) | 6630 |
| 700 1# - ADDED ENTRY--PERSONAL NAME | |
| Personal name | Յովհաննիսեան, Խ. |
| Relator term | հրատ. |
| Relationship | pbl |
| 740 02 - ADDED ENTRY--UNCONTROLLED RELATED/ANALYTICAL TITLE | |
| Uncontrolled related/analytical title | Մովսէս Խորենացու Հայոց պատմութիւնը Խորէն ծ. վ. Ստեփանէի թարգմանութեամբ ։ Քննադատութիւն / |
| 942 ## - ADDED ENTRY ELEMENTS (KOHA) | |
| Source of classification or shelving scheme | Universal Decimal Classification |
| Koha item type | Գրքեր / Books |
| Withdrawn status | Lost status | Source of classification or shelving scheme | Damaged status | Not for loan | Collection | Home library | Current library | Date acquired | Serial enumeration / chronology | Inventory number | Total checkouts | Full call number | Barcode | Date last seen | Price effective from | Koha item type | Public note |
|---|---|---|---|---|---|---|---|---|---|---|---|---|---|---|---|---|---|
| Universal Decimal Classification | Kusikian Individual Collection | Fundamental Scientific Library | Fundamental Scientific Library | 10/03/2025 | Ալիգ 2 | Կուս/1407 | Կուս/1406 | FL0689175 | 10/03/2025 | 10/03/2025 | Գրքեր / Books | ILL Non-Circ. |
ՀՀ Գիտությունների ազգային ակադեմիայի հիմնարար գիտական գրադարան = Fundamental Scientific Library of NAS RA
All site content, except where otherwise noted, is licensed under a